কালিগঙ্গা থেকে সপ্তর্ষি /

Бібліографічні деталі
Автор: বাহাদুর, শিহাব
Формат: Книга
Мова:Bengali
Опубліковано: ঢাকা : মুক্তচিন্তা, ২০০৮
Предмети:
Classic Catalogue: View this record in Classic Catalogue
LEADER 01132nam a22002417a 4500
001 0017344
003 BD-DhAAL
005 20250715130817.0
008 141204s2008 bg ||||| |||| 00| 0 ben d
020 |a 9848435144 
040 |a BD-DhAAL  |c BD-DhAAL 
082 |a 891.4417  |2 22 
100 |a বাহাদুর, শিহাব.  |9 6565 
245 |a কালিগঙ্গা থেকে সপ্তর্ষি /  |c শিহাব বাহাদুর. 
260 |a ঢাকা :  |b মুক্তচিন্তা,   |c ২০০৮ 
300 |a ৬৪ পৃ. ;  |c ২২ সে.মি. 
526 |a AAL  |x Hasina Afroz University Librarian BRAC University 
541 |e 0017344  |a A H Development Publishing House 
650 |a Prose poems, Bengali.  |9 6566 
852 |a Ayesha Abed Library  |c General Stacks 
942 |2 ddc  |c BK 
999 |c 33220  |d 33220 
952 |0 0  |1 0  |2 ddc  |4 0  |6 891_441700000000000_BAH  |7 0  |9 44344  |a BRACUL  |b BRACUL  |c GEN  |d 2014-12-04  |e A H Development Publishing House  |g 70.00  |l 0  |o 891.4417 BAH  |p 3010017344  |r 2014-12-04  |t 1  |w 2014-12-04  |y BK  |x Requisitioned by Hasina Afroz, University Librarian, Ayesha Abed Library, BRAC University.